पतिव्रता ण (Record no. 46986)

MARC details
000 -LEADER
fixed length control field 00592nam a2200181Ia 4500
008 - FIXED-LENGTH DATA ELEMENTS--GENERAL INFORMATION
fixed length control field 090123s9999 xx 000 0 und d
082 ## - DEWEY DECIMAL CLASSIFICATION NUMBER
Item number 8921
Classification number 891.463/मंगेश
100 ## - MAIN ENTRY--PERSONAL NAME
Personal name मंगेशकर गीता
245 ## - TITLE STATEMENT
Title पतिव्रता ण
250 ## - EDITION STATEMENT
Edition statement 1
260 ## - PUBLICATION, DISTRIBUTION, ETC. (IMPRINT)
Name of publisher, distributor, etc बांदोडकर पब्लिशिंग हाऊस
Date of publication, distribution, etc 1984
300 ## - PHYSICAL DESCRIPTION
Extent 220
600 ## - SUBJECT ADDED ENTRY--PERSONAL NAME
Personal name मंगेशकर गीता
630 ## - SUBJECT ADDED ENTRY--UNIFORM TITLE
Uniform title पतिव्रता ण
700 ## - ADDED ENTRY--PERSONAL NAME
Personal name मंगेशकर गीता
730 ## - ADDED ENTRY--UNIFORM TITLE
Uniform title पतिव्रता ण
942 ## - ADDED ENTRY ELEMENTS (KOHA)
Koha item type Book
Holdings
Withdrawn status Lost status Damaged status Not for loan Home library Current library Date acquired Cost, normal purchase price Total Checkouts Full call number Barcode Date last seen Cost, replacement price Price effective from Koha item type
        Jawahar Wachalanalaya, Kalwa Jawahar Wachalanalaya, Kalwa 03/31/2003 45.00   8921 KLW-8921 01/23/2009 45.00 01/23/2009 Book